Statistics for England Rugby Union Six Nations Squad 2014

Click here to take the quiz!

General Stats

  • This quiz has been taken 407 times
  • The average score is 21 of 43

Answer Stats

PositionPlayer Name% Correct
Fly HalfOwen Farrell
92%
Scrum HalfBen Youngs
87%
Full BackMike Brown
86%
HookerTom Youngs
86%
Scrum HalfDanny Care
83%
Back RowBilly Vunipola
79%
Back RowChris Robshaw
79%
HookerDylan Hartley
79%
Fly HalfGeorge Ford
79%
PropMako Vunipola
79%
LockCourtney Lawes
77%
PropDan Cole
76%
WingerChris Ashton
65%
PropJoe Marler
63%
CentreJonny May
63%
CentreManu Tuilagi
63%
WingerAnthony Watson
56%
LockJoe Launchbury
56%
Full BackAlex Goode
52%
FlankerTom Wood
52%
Full BackJack Nowell
50%
CentreBilly Twelvetrees
46%
CentreLuther Burrell
44%
Number EightBen Morgan
43%
Scrum HalfRichard Wigglesworth
41%
Full BackBen Foden
36%
CentreBrad Barritt
35%
WingerMarland Yarde
34%
LockGeoff Parling
33%
PropDave Wilson
30%
Scrum HalfLee Dickson
27%
LockDave Attwood
26%
FlankerTom Croft
26%
WingerChristian Wade
25%
PropAlex Corbisiero
20%
CentreKyle Eastmond
19%
HookerRobert Webber
14%
Fly HalfStephen Myler
14%
Back RowTom Johnson
13%
PropHenry Thomas
10%
Back RowMatt Kvesic
10%
PropMatt Mullan
9%
LockEd Slater
7%

Score Distribution

Percentile by Number Answered

Percent of People with Each Score

Your Score History

You have not taken this quiz